Compendio de cirugía operativa (Record no. 152856)

MARC details
000 -LEADER
campo de control de longitud fija 00882nam a2200205 i 4500
001 - NÚMERO DE CONTROL
campo de control 152856
003 - IDENTIFICADOR DE NÚMERO DE CONTROL
campo de control ES-MaACL
005 - FECHA Y HORA DE LA ÚLTIMA TRANSACCIÓN
campo de control 20250806085414.0
008 - DATOS DE LONGITUD FIJA--INFORMACIÓN GENERAL
campo de control de longitud fija 931025s1876 sp |||| | spa d
100 0# - ENTRADA PRINCIPAL--NOMBRE DE PERSONA
Nombre de persona Burger, C. G.
9 (RLIN) 32627
245 10 - MENCIÓN DEL TÍTULO
Título Compendio de cirugía operativa
Resto del título : para uso de estudiantes y médicos prácticos /
Mención de responsabilidad, etc. por C. G. Burger ; traducida directamente del aleman por José Camó y Montobbio y adicionada con un apéndice sobre las operaciones de los ojos por José Lopez Diez y el traductor.
260 ## - PUBLICACIÓN, DISTRIBUCIÓN, ETC.
Lugar de publicación, distribución, etc. Madrid :
Nombre del editor, distribuidor, etc. [s.n.],
Fecha de publicación, distribución, etc. 1876 (
Fabricante Establecimiento Tipográfico de J. Amalio Muñoz)
300 ## - DESCRIPCIÓN FÍSICA
Extensión VIII, 486 p. ;
Dimensiones 23 cm.
650 07 - PUNTO DE ACCESO ADICIONAL DE MATERIA--TÉRMINO DE MATERIA
Término de materia o nombre geográfico como elemento de entrada Cirugía
Fuente del encabezamiento o término embne
9 (RLIN) 11050
700 1# - ENTRADA AGREGADA--NOMBRE PERSONAL
Nombre de persona Camó y Montobbio, José
9 (RLIN) 34093
700 1# - ENTRADA AGREGADA--NOMBRE PERSONAL
Nombre de persona López Diez, José.
9 (RLIN) 129201
852 ## - LOCALIZACIÓN
Ubicación ES-MaACL
Número de control de estantería G-14066
Nota libre -- Enc. hol.
Holdings
Estatus retirado Estado de pérdida Estado de daño No para préstamo Colección Biblioteca de origen Biblioteca actual Ubicación en estantería Fecha de adquisición Fuente de adquisición Total de préstamos Signatura topográfica completa Código de barras Visto por última vez Precio de reemplazo Tipo de ítem Koha
        Libros del s. XIX Biblioteca del Ateneo de Madrid Biblioteca del Ateneo de Madrid Sala Pecera Planta 3 17/01/2008     G-14066 1159647 23/02/2023 23/02/2023 Libro impreso antiguo